000 00294nam a22001097a 4500
008 160506b xxu||||| |||| 00| 0 eng d
020 _a9780323054720
041 _aeng
080 _a61
245 _aRosens emergency medicine:
_cJohn A. Marx; Robert S. Hockberger; Ron M. Wallls;
942 _2udc
_cBK
999 _c1870
_d1870